Sports Quiz

Random Sports or NBA Quiz

NBA Teams By Coach Quiz Stats

 Plays Quiz not verified by Sporcle

Challenge
Share
Tweet
Embed
Score 0/30 Timer 05:00
0 Plays Today
% Correct
Miami Heat
83.3%
Atlanta Hawks
83.3%
Boston Celtics
83.3%
Philadelphia 76ers
66.7%
LA Clippers
66.7%
Milwaukee Bucks
66.7%
Orlando Magic
66.7%
Portland Trail Blazers
66.7%
Washington Wizards
66.7%
Chicago Bulls
66.7%
New York Knicks
66.7%
LA Lakers
66.7%
Minnesota Timberwolves
66.7%
Toronto Raptors
66.7%
Indiana Pacers
66.7%
% Correct
New Orleans Hornets
66.7%
Denver Nuggets
66.7%
New Jersey Nets
66.7%
Cleveland Cavaliers
66.7%
Memphis Grizzlies
66.7%
Oklahoma City Thunder
66.7%
Sacramento Kings
66.7%
Golden State Warriors
66.7%
San Antonio Spurs
66.7%
Charlotte Bobcats
66.7%
Dallas Mavericks
66.7%
Utah Jazz
50%
Detroit Pistons
50%
Phoenix Suns
50%
Houston Rockets
50%

You're not logged in!

Compare scores with friends on all Sporcle quizzes.
Join for Free
OR
Log In

You Might Also Like...

Show Comments

Extras

Top Quizzes Today


Score Distribution

Your Account Isn't Verified!

In order to create a playlist on Sporcle, you need to verify the email address you used during registration. Go to your Sporcle Settings to finish the process.

Report this User

Report this user for behavior that violates our Community Guidelines.

Details: